|
|
|
|
| LEADER |
00000nkm a2200000 a 4500 |
| 001 |
vtls011825704 |
| 003 |
SK-MaSNL |
| 005 |
20260512124205.0 |
| 007 |
kp bo |
| 008 |
200701q1901 xo g kufre |
| 015 |
|
|
|a SNBG1901
|
| 040 |
|
|
|a SNK
|b slo
|c SNK
|e AACR2
|
| 041 |
0 |
|
|a fre
|
| 043 |
|
|
|a e-mc---
|
| 044 |
|
|
|a fr
|c FR
|
| 072 |
|
7 |
|a 913(4)
|x Geografia Európy, reálie, cestovanie
|2 konspekt
|
| 080 |
|
|
|a 913(4)
|2 2011
|
| 080 |
|
|
|a (084.121)
|2 2011
|
| 245 |
0 |
0 |
|a Souvenir de Monte Carlo
|h grafika
|b Le Casino
|
| 260 |
|
|
|a [Francúzsko?]
|b K. G. & Co.
|c [1901?]
|
| 300 |
|
|
|a 1 pohľadnica
|b čiernobiela
|c 9 x 14 cm
|
| 520 |
|
8 |
|a Zobrazenie: Pohľad pomedzi palmy na kasino
|
| 651 |
|
7 |
|a Monte Carlo (Monako)
|2 SNKPHgeo
|9 73771
|
| 655 |
|
7 |
|a pohľadnice
|2 SNKPH
|9 70741
|
| 655 |
|
7 |
|a historické pohľadnice
|2 SNKPH
|9 159703
|
| 958 |
|
|
|a GBN
|
| 958 |
|
|
|a GC
|
| 958 |
|
|
|a ONDV
|
| 999 |
|
|
|c 858913
|d 860843
|
| 952 |
|
|
|a SNK
|b SNK
|y PREZ
|7 0
|p 17A1246447
|o snkSP 36812
|z Pohľadnica prešla poštou.
|0 0
|1 0
|4 0
|d 2018-11-27
|l 0
|r 2026-02-24 05:04:47
|w 2026-02-24
|